|
|
|
|
| LEADER |
00000nab a2200000ua 4500 |
| 001 |
vtls010844541 |
| 003 |
SK-MaSNL |
| 005 |
20260303135852.0 |
| 008 |
230218s1969 xo |||||||||||||||||cze| |
| 035 |
|
|
|a (urnnbn)urn:nbn:sk:snk:ar-a0733t
|
| 035 |
|
|
|a urn:nbn:sk:snk-ab66dg
|
| 035 |
|
|
|a (uuid)038b1e84-8de2-4683-88ef-aad08166db6a
|
| 040 |
|
|
|a SNKBUCL
|b slo
|c SNKBUCL
|e AACR2
|
| 041 |
0 |
|
|a cze
|
| 044 |
|
|
|a xo
|c SK
|
| 100 |
1 |
|
|a Janáček, Josef,
|d 1915-1975
|4 aut
|9 194168
|
| 245 |
1 |
0 |
|a K STRATIGRAFICKÉMU POSTAVENÍ A PALEOGEOGRAFII TORTONSKÉHO OBZORU KAMENNÉ SOLI VE VÝCHODOSLOVENSKÉ PÁNVI
|c Josef Janáček
|
| 773 |
0 |
|
|t Geologické práce : správy
|g Roč. 50, č. 50 (1969), s. 93-112
|
| 954 |
|
|
|a odborná, vedecká literatúra cudzojazyčná (svetová)
|2 lita
|
| 958 |
|
|
|a OND
|
| 958 |
|
|
|a EUIPO
|
| 958 |
|
|
|a article5
|
| 999 |
|
|
|c 1968510
|d 1970440
|